| 000 | 00521nam a22001817a 4500 | ||
|---|---|---|---|
| 003 | CEME | ||
| 005 | 20210628202322.0 | ||
| 008 | 210210b xxu||||| |||| 00| 0 eng d | ||
| 020 | _a969-8156-11-9 | ||
| 040 | _c. | ||
| 082 | _a954.91 JIN | ||
| 100 |
_aZaidi , Z . H _917058 |
||
| 245 | _aJinnah papers. Vol-7 ,pakistan struggling for survival 1 january-30 september 1948 | ||
| 260 |
_aISLAMABAD _bOXFORD UNIVERSITY PRESS _c2002 |
||
| 300 | _aLXXII,835P | ||
| 650 |
_aJINNAH PAPERS VOLUME-7 _959324 |
||
| 942 |
_cBK _2ddc |
||
| 999 |
_c569332 _d569332 |
||